Tax administration 2013 comparative information on OECD and other advanced and emerging economies

Enregistré dans:
Détails bibliographiques
Format: Livre
Langue:anglais
Publié: Paris OECD 2013
Sujets:
Tags: Ajouter un tag
Pas de tags, Soyez le premier à ajouter un tag!

MARC

LEADER 00000nam$a2200000$$$4500
001 0177760
005 20240315121336.4
020 |a 978-92-64-20080-7 
041 0 |a eng 
044 |a FR 
245 1 0 |a Tax administration 2013  |b comparative information on OECD and other advanced and emerging economies 
264 1 |a Paris  |b OECD  |c 2013 
300 |a 375 s. 
610 2 0 |a správa daňová 
610 2 0 |a dane 
610 2 0 |a politika daňová 
610 2 0 |a riadenie ľudských zdrojov 
610 2 0 |a porovnanie štatistické medzinárodné